000 00387nam a22001577a 4500
999 _c15298
_d15298
020 _a9780632057252
082 _a631.582
_bREE/CR
100 _aREES, DEBBIE
_92939
245 _aCrop post - harvest : Science and technology
250 _a1
260 _aU.K
_bWiley-Blackwell
_c2012
300 _a451
700 _aFarrell, Graham
_92940
700 _aOrchard, John
_92941
942 _cBK